|
|
|
|
| LEADER |
00990ncm a22002652a 4500 |
| 001 |
001434973 |
| 003 |
CZ BrMZK |
| 005 |
20141106110020.0 |
| 007 |
qu |
| 008 |
020207s1917 gw ||||| |||||||||||zxx d |
| 040 |
|
|
|a BOA001
|b cze
|
| 072 |
|
7 |
|a 786
|x Hudba pro klávesové nástroje
|2 Konspekt
|9 9
|
| 100 |
1 |
|
|a Mozart, Wolfgang Amadeus,
|d 1756-1791
|7 jn19990005867
|4 cmp
|
| 245 |
1 |
4 |
|a Das Veilchen
|h [hudebnina] ;
|b "Ein Mädchen oder Weibchen" aus "Zauberflöte" : Piano /
|c W.A. Mozart
|
| 260 |
|
|
|a Mainz :
|b B. Schott's Söhne,
|c c1917
|
| 300 |
|
|
|a 1 partitura (5 s.)
|
| 490 |
1 |
|
|a Edition Schott Einzel-Ausgabe ;
|v 06722
|
| 500 |
|
|
|a Pod názvem: Leichte Klassiker-Schule. Mozart
|
| 740 |
0 |
2 |
|a Leichte Klassiker-Schule. Mozart
|
| 740 |
0 |
2 |
|a Mädchen oder Weibchen
|
| 830 |
|
0 |
|a Edition Schott Einzel-Ausgabe
|
| 910 |
|
|
|a BOA001
|b Mus4-0165.000,06722
|
| 990 |
|
|
|a MU
|
| 991 |
|
|
|b 201411
|
| 996 |
6 |
|
|b 2619021310
|c Mus4-0165.000,06722
|l MZK
|r Sklad / do 1 hodiny
|n 0
|w 001469486
|u 000010
|a 1
|e BOA001
|j MZK50
|s P
|